000 00294nam a2200121 a 4500
008 100921s1974|||| d
245 1 0 _aZápisky diplomata 1
100 1 _aFederenko, Nikolaj Trofimovič
260 _bObzor
_aBratislava
_c1974
020 _c21
044 _axo
_cSK
041 _aslo
999 _c10559
_d10559